| 000 | 00698nam a2200193 4500 | ||
|---|---|---|---|
| 001 | 108668 | ||
| 003 | ES-MaACL | ||
| 007 | t| | ||
| 008 | 061121s1984 sp r ||||1| spa d | ||
| 020 | _a84-85281-47-0 | ||
| 100 | 1 |
_aMonserrat, Javier. _982297 |
|
| 245 | 1 | 0 |
_aEpistemologĂa evolutiva y teorĂa de la ciencia / _cJavier Monserrat. |
| 260 |
_aMadrid : _bUniversidad Pontificia de Comillas, _c1984. |
||
| 300 |
_aXII, 479 p. ; _c24 cm. |
||
| 490 | 1 |
_aPublicaciones de la Universidad Pontificia de Comillas. Serie III . Textos ; _v7 |
|
| 830 | 0 | 0 |
_aPublicaciones de la Universidad Pontificia Comillas _v7 _9176621 |
| 852 |
_aES-MaACL _jL-8924 _bR.108530 |
||
| 999 |
_c108668 _d108668 |
||